Countries with most medals per million population in Rio 2016 - Statistics

General Stats
  • This quiz has been taken 940 times
  • The average score is 9 of 20
Answer Stats
Medals per million population Country % Correct
4.06 New Zealand
78%
1.05 United Kingdom
73%
1.27 Australia
69%
3.73 Jamaica
62%
1.12 Netherlands
61%
1.12 Sweden
59%
2.69 Denmark
56%
1.52 Hungary
49%
1.00 Cuba
43%
1.10 Fiji
42%
2.24 Croatia
40%
1.84 Azerbaijan
38%
1.11 Serbia
37%
2.02 Slovenia
37%
6.16 Bahamas
31%
1.39 Lithuania
27%
1.31 Armenia
24%
1.42 Georgia
22%
9.03 Grenada
19%
1.49 Bahrain
13%
No matching quizzes found
Score Distribution
Percent of People with Each Score
Percentile by Number Answered
Your Score History
You have not taken this quiz